000 01241nam a2200277 i 4500
001 181969
003 ES-MaACL
005 20230906221511.0
008 130516q18501899fr |||| | fre d
100 1 _aEnnery, Adolphe d'.
_947251
245 1 0 _aCartouche
_b: drame nouveau en cinq actes (huit tableaux) : représenté pour la première fois, à Paris, sur le théâtre de la Gaîté, le 29 décembre 1858 /
_cpar MM. Adolphe d'Ennery et Ferdinand Dugué ; [Un mari d'occasion / Hippolyte Lucas].
260 _a[Paris] :
_bMichel Lévy,
_c[185?]
300 _a31, 5 p. :
_bil. ;
_c30 cm.
490 1 _aThéatre contemporain illustré ;
_v423 et 424 livraison
594 _aTítulo y autores tomado de principio del texto.
596 _aEditor y colección tomado de la cabecera de la primera página.
599 _aGrabados firmados por A. Belin et D. Dumont.
700 0 _aDugué, Ferdinand.
_945935
700 1 _aBelin, Auguste.
_9152779
700 1 _aDumont, Désiré.
_9152780
700 1 _aLucas, Hyppolyte.
_9129119
740 0 _aUn mari d'occassion.
830 0 _aThéatre contemporain illustré ;
_v423 et 424 livraison
_9191707
852 _aES-MaACL
_jR-1704(3)
_zr.- Enc. en un vol. facticio
999 _c181969
_d181969